Blue Lock Characters by Picture - Statistics

General Stats
  • This quiz has been taken 1,390 times
  • The average score is 22 of 33
Answer Stats
Picture Answer % Correct
Yoichi Isagi
100%
Seishiro Nagi
98%
Meguru Bachira
96%
Hyoma Chigiri
89%
Ryusei Shidou
88%
Sae Itoshi
88%
Rin Itoshi
87%
Rensuke Kunigami
86%
Iiki Niko
84%
Shoei Barou
84%
Gin Gagamaru
82%
Oliver Aiku
79%
Michael Kaiser
77%
Julien Loki
73%
Reo Mikage
71%
Yo Hiori
68%
Kenyu Yukimiya
67%
Noel Noa
67%
Jyubei Aryu
66%
Don Lorenzo
65%
Ego Jinpachi
63%
Tabito Karasu
63%
Jingo Raichi
61%
Marc Snuffy
61%
Eita Otoya
57%
Adam Blake
49%
Aoshi Tokimitsu
49%
Nijiro Nanase
47%
Kurona Ranze
38%
Charles Chevalier
37%
Igarashi Gurimu
28%
Pablo Cavasoz
25%
Zantetsu Tsuguri
7%
No matching quizzes found
Score Distribution
Percent of People with Each Score
Percentile by Number Answered
Your Score History
You have not taken this quiz